000 01390namaa2200313 a 4500
001 vtls001703164
003 NLI
005 20210628155309.0
008 130322s1980 dcua i000 0 eng
039 9 _y201303221808
_zVLOAD
040 _aNLI
_cVTLS-2013_FOD
_eAACR2
041 0 _aeng
044 _adcu
082 0 4 _a001.433021
110 1 _aUnited States.
_bCongress.
_n(96th, 2nd sess.)
_bSenate.
_bCommittee on Governmental Affairs.
_bSubcommittee on Energy, Nuclear Proliferation and Federal Services
245 1 4 _aThe Decennial census :
_ban analysis and review /
_cprepared for the Subcommittee on Energy, Nuclear Proliferation and Federal Services of the Committee on Governmental Affairs, United States Senate ; by the Congressional Research Service, Library of Congress
260 _aWashington, D.C :
_bUnited States Government Printing Office,
_c1980
300 _aix, 465 p. :
_bill. ;
_c24 cm.
500 _aAt head of title : 96th Congress, 2d session. Committee print
500 _aAuthors : Daniel Melnick and others
504 _aIncludes bibliographies
651 0 _aUnited States
_xCensus
_9707460
651 0 _aUnited States
_xCensus, 1980
_9716828
710 2 _aLibrary of Congress.
_bCongressional Research Service
_9708860
887 _a
901 _aAD 70267
_b16.07.2010
902 _aU.S 001.433021 Un 3 (96th Cong., 2nd sess.)
942 _2ddc
_cBKS
999 _c1150737
_d1150737